Uneasy encounters: (Record no. 3756)

MARC details
000 -LEADER
fixed length control field 00747nam a22002057a 4500
005 - DATE AND TIME OF LATEST TRANSACTION
control field 20240624145923.0
008 - FIXED-LENGTH DATA ELEMENTS--GENERAL INFORMATION
fixed length control field 230930b2007 |||||||| |||| 00| 0 eng d
020 ## - ISBN
ISBN 9789559830917
041 ## - LANGUAGE
Language code of text/sound track or separate title English
080 ## - UNIVERSAL DECIMAL CLASSIFICATION NUMBER
Classification Number 361.7
Call Number FER
942 ## - ADDED ENTRY ELEMENTS (KOHA)
Item Type Thesis
100 ## - MAIN ENTRY--PERSONAL NAME
Personal Author Fernando, S.U.H.
245 ## - TITLE STATEMENT
Title Uneasy encounters:
Remainder of title relationships between Dutch donors and Sri Lankan NGOs
260 ## - PUBLICATION, DISTRIBUTION, ETC. (IMPRINT)
Place of Publication Amsterdam:
Name of Publisher Amsterdam institute for Metropolitan and International Development Studies
300 ## - PHYSICAL DESCRIPTION
Extent xxii, 360 p. ill. ; 25 cm
Physical Details Bibliography included
502 ## - DISSERTATION NOTE
Name of granting institution University of Amsterdam
856 ## - ELECTRONIC LOCATION AND ACCESS
URL <a href="https://pure.uva.nl/ws/files/4158264/52928_Fernando.udanthesis.pdf">https://pure.uva.nl/ws/files/4158264/52928_Fernando.udanthesis.pdf</a>
650 ## - SUBJECT ADDED ENTRY--TOPICAL TERM
Topical Term DUTCH SRI LANKA RELATIONS
650 ## - SUBJECT ADDED ENTRY--TOPICAL TERM
Topical Term Non governmental organizations-Sri Lanka
Holdings
Withdrawn status Lost status Source of classification or shelving scheme Damaged status Not for loan Permanent location Current location Date acquired Total Checkouts Full call number Barcode Date last seen Price effective from Koha item type
    Dewey Decimal Classification     Resource center, Muslim Women's Research And Action Forum Resource center, Muslim Women's Research And Action Forum 2023-09-30   361.7 FER RAF1549 2023-09-30 2023-09-30 Thesis

Copyright © 2023 Muslim Women's Research and Action Forum (MWRAF), No 27/3, Anderson Road, Kalubowila, Dehiwela. Funded by The Asia Fundation